|
|
|
|
| LEADER |
00000cam a2200000 7i4500 |
| 001 |
0000004179 |
| 005 |
20190108.0 |
| 020 |
0 |
0 |
|a 9780470058190
|
| 090 |
0 |
0 |
|a 623.7469
|b AIRC 2010
|
| 100 |
0 |
1 |
|a Austin, Reg
|
| 245 |
0 |
0 |
|a Unmanned aircraft systems :
|b UAVS design, develiopment and deployment
|c Reg Austin
|
| 260 |
0 |
0 |
|a Oxford :
|b Wiley ,
|c 2010
|
| 300 |
|
|
|a xiii 323 p. :
|b ill. ;
|c 25 cm.
|
| 500 |
0 |
0 |
|a Includes bibliographical references
|
| 650 |
0 |
0 |
|a Airplanes---radio control
|
| 650 |
0 |
0 |
|a Drone aircraft
|
| 998 |
|
|
|a JPSM
|
| 999 |
|
|
|a 008067
|b Monograph
|c Open Shelf
|e Default branch
|
| 999 |
|
|
|a 008068
|b Monograph
|c Open Shelf
|e Default branch
|